Normal view
MARC view
- Maryam Khalid
Entry Personal Name
001 - CONTROL NUMBER
- control field: 5942
003 - CONTROL NUMBER IDENTIFIER
- control field: NUST
005 - DATE AND TIME OF LATEST TRANSACTION
- control field: 20171103133541.0
008 - FIXED-LENGTH DATA ELEMENTS
- fixed length control field: 171103|| aca||aabn | a|a d
040 ## - CATALOGING SOURCE
- Original cataloging agency: NUST
- Transcribing agency: NUST
100 ## - HEADING--PERSONAL NAME
- Personal name: Maryam Khalid
670 ## - SOURCE DATA FOUND
- Source citation: Work cat.: (NUST): Maryam Khalid, MS-Thesis: In - Sillico Identification and Analysis of IncRNAs and mRNAs in Brest Cancer, c,2017
